Robin Thicke Charting Songs (Billboard Hot 100) - Statistics

General Stats
  • This quiz has been taken 14 times
  • The average score is 3 of 8
Answer Stats
Album Weeks On Peak Artist(s) Song % Correct
Blurred Lines 48 Weeks #1 (12 Weeks) Robin Thicke ft. T.I. + Pharrell Blurred Lines
100%
My House EP 14 Weeks #43 Flo Rida ft. Robin Thicke & Verdine White I Don't Like It, I Love It
60%
The Evolution of Robin Thicke 23 Weeks #14 Robin Thicke Lost Without U
50%
Sex Therapy: The Session 19 Weeks #54 Robin Thicke Sex Therapy
40%
Paula 1 Week #82 Robin Thicke Get Her Back
30%
Blurred Lines 12 Weeks #25 Robin Thicke ft. Kendrick Lamar Give It 2 U
20%
The Evolution of Robin Thicke 2 Weeks #99 Robin Thicke Can U Believe
10%
Something Else 17 Weeks #59 Robin Thicke Magic
10%
No matching quizzes found
Score Distribution
Percent of People with Each Score
Percentile by Number Answered
Your Score History
You have not taken this quiz